| Tag |
First Indicator |
Second Indicator |
Subfields |
| LEADER |
00000pam a2200000 a 4500 |
| 001 |
in00000079806 |
| 005 |
20151008054016.0 |
| 008 |
810716s1981 dcua b 00100 eng |
| 010 |
|
|
|a 81010960
|
| 020 |
|
|
|a 0841206465
|
| 035 |
|
|
|a (OCoLC)07652990
|
| 035 |
|
|
|9 AAH9341AM
|
| 039 |
0 |
|
|a 2
|b 3
|c 3
|d 3
|e 3
|
| 040 |
|
|
|a DLC
|c DLC
|d TXA
|d UtOrBLW
|
| 043 |
|
|
|a n-us---
|
| 049 |
|
|
|a TXAM
|c [932794]
|
| 050 |
0 |
0 |
|a QC882
|b .A868
|
| 082 |
0 |
|
|a 628.5/3
|2 19
|
| 245 |
0 |
0 |
|a Atmospheric aerosol :
|b source/air quality relationships /
|c Edward S. Macias, editor, Philip K. Hopke, editor.
|
| 264 |
|
1 |
|a Washington, D.C. :
|b American Chemical Society,
|c 1981.
|
| 300 |
|
|
|a viii, 359 pages :
|b illustrations ;
|c 24 cm.
|
| 336 |
|
|
|a text
|b txt
|2 rdacontent
|
| 337 |
|
|
|a unmediated
|b n
|2 rdamedia
|
| 338 |
|
|
|a volume
|b nc
|2 rdacarrier
|
| 490 |
1 |
|
|a ACS symposium series,
|x 0097-6156 ;
|v 167
|
| 500 |
|
|
|a "Based on a symposium jointly sponsored by the Divisions of Nuclear Chemistry and Technology and Environmental Chemistry at the second Chemical Congress of the North American Continent (180th ACS national meeting), Las Vegas, Nevada, August 27-29, 1980."
|
| 504 |
|
|
|a Includes bibliographies and index.
|
| 650 |
|
0 |
|a Aerosols.
|
| 650 |
|
0 |
|a Air quality
|x Mathematical models.
|
| 650 |
|
0 |
|a Air quality
|z United States.
|
| 650 |
|
0 |
|a Atmospheric chemistry.
|
| 700 |
1 |
|
|a Macias, Edward S.,
|d 1944-
|
| 700 |
1 |
|
|a Hopke, Philip K.,
|d 1944-
|
| 710 |
2 |
|
|a American Chemical Society.
|b Division of Nuclear Chemistry and Technology.
|
| 710 |
2 |
|
|a American Chemical Society.
|b Division of Environmental Chemistry.
|
| 711 |
2 |
|
|a Chemical Congress of the North American Continent
|n (2nd :
|d 1980 :
|c Las Vegas)
|
| 830 |
|
0 |
|a ACS symposium series ;
|v 167.
|
| 999 |
|
|
|a MARS
|
| 999 |
f |
f |
|s 211cb9d2-4074-30bb-a648-11d455452829
|i ae0c8bee-6440-3254-968f-4530df8e2618
|t 0
|
| 952 |
f |
f |
|p ric
|a Texas A&M University
|b Rellis Campus
|c Joint Library Facility
|d Remote Storage
|t 0
|e QC882 .A868
|h Library of Congress classification
|i unmediated -- volume
|m A14806209968
|
| 998 |
f |
f |
|a QC882 .A868
|t 0
|l Remote Storage
|